000 00397nam a22001697a 4500
005 20160628154050.0
008 160628b xxu||||| |||| 00| 0 eng d
020 _a81-89757-76-8
041 _aeng
082 _b11723
100 _aSharma, Vikram
_93108
245 _aComputer Aided Design
260 _bKatson Books
_c2011
300 _a387
650 _aDiploma Engineering
_9817
942 _cBK
999 _c4532
_d4531